00446nam a2200169Ia 4500008004100000020001500041040001900056041001200075082002500087100002000112245003200132260002600164300001900190440003500209650001400244850001800258131103s9999 xx 000 0 und d cRs. 250.00 aLoreto College aEnglish a910/MUKbLCBED/12457 aMukherjee, K.N. aWest Bengal cK.N.Mukherjee aCalcuttab[s.l]c1996 a213p c 23 cm. aAgriculture land capability of aGeographu aLCBED/910/MUK